Štúdium starnutia plazmou aktivovaných polymérnych materiálov.

Na minha lista:
Detalhes bibliográficos
Autor principal: Šafár, Peter (Author)
Outros Autores: Černáková, Ľudmila (Thesis advisor)
Formato: Manuscrito Livro
Idioma:eslovaco
Publicado em: 2016
Assuntos:
Acesso em linha:http://is.stuba.sk/zp/portal_zp.pl?podrobnosti=101849
Tags: Adicionar Tag
Sem tags, seja o primeiro a adicionar uma tag!

MARC

LEADER 00000ntm a22000003a 4500
001 stuzp57810
003 SK-STU
005 20160719155352.8
007 ta
008 150427s2015----xo-----f-mn---000-0-slo-d
040 |a STU  |b slo 
041 0 |a slo 
100 1 |a Šafár, Peter  |u 049370  |4 aut  |U FCHPT Ústav prírodných a syntetických polymérov  |T FCHPT Oddelenie plastov, kaučuku a vlákien  |X 61291  |U C9370  |Y 128  |7 61291 
242 0 1 |a Study of the Ageing Effects of Plasma Activated Polymer Materials  |y eng 
245 1 0 |a Štúdium starnutia plazmou aktivovaných polymérnych materiálov. 
260 |c 2016 
650 4 |a kyselina polymliečna  |2 slo 
650 4 |a plazma  |2 slo 
650 4 |a zmáčanlivosť  |2 slo 
650 4 |a contact angle  |2 eng 
650 4 |a polylactid acid  |2 eng 
650 4 |a plasma  |2 eng 
700 1 |a Černáková, Ľudmila  |u 049370  |k Z1  |4 ths  |U FCHPT Ústav prírodných a syntetických polymérov  |T FCHPT Oddelenie plastov, kaučuku a vlákien  |X 4689  |U C9370  |Y 128  |7 A000004689 
856 4 |u http://is.stuba.sk/zp/portal_zp.pl?podrobnosti=101849 
SQL |a stuzp57810  |b DBP  |c SLO  |d Štúdium starnutia plazmou aktivovaných polymérnych materiálov.  |e 61291  |f Šafár, Peter  |g 049370  |h 4689  |i Černáková, Ľudmila  |j 20160712  |k 753  |l 04  |m http://is.stuba.sk/zp/portal_zp.pl?podrobnosti=101849  |n B-CHEMAT  |o 4.1.14. chémia, 5.2.18. chemické technológie